000 00581nam a22001937a 4500
005 20241122141054.0
008 241122b |||||||| |||| 00| 0 eng d
020 _a9780072866582
050 _aHD58.7
_b.K766 KRE
100 _aKreitner Robert
245 _aOrganizational Behavior
_cRobert Kreitner & Angelo Kinicki
250 _a6th Ed.
260 _aBoston:
_bMcGraw-Hill/Irwin
_c2004
300 _axxix. mixed pagings.
_bill. col.
_c26 cm x 24 cm
500 _aIncludes Index
650 _2Organizational Behavior
700 _aKinicki Angelo
942 _2lcc
_cBK
_e6th Ed.
_n0
999 _c1441
_d1441